[Event "Mondiale Lampo FIDE 2019"]
[Site "Mosca"]
[Date "30.12.2019"]
[Round "16.29"]
[White "Mamedyarov, Shakhriyar"]
[Black "Zvjaginsev, Vadim"]
[Result "1/2-1/2"]
[WhiteTitle "GM"]
[BlackTitle "GM"]
[WhiteElo "2772"]
[BlackElo "2627"]
[WhiteFideId "13401319"]
[BlackFideId "4113403"]
[EventDate "2019.12.29"]

1. d4 d5 2. c4 e6 3. Nc3 Nf6 4. Nf3 Nbd7 5. a3 Be7 6. Bf4 O-O 7. Nb5 Ne8 8. e3
a6 9. Nc3 Nef6 10. cxd5 Nxd5 11. Nxd5 exd5 12. Bd3 c5 13. Rc1 cxd4 14. Nxd4 Qa5+
15. Kf1 Qd8 16. g4 Nc5 17. Bb1 Ne4 18. Kg2 Bg5 19. f3 Nd6 20. Re1 g6 21. Ba2
Bxf4 22. exf4 Nc4 23. Rc2 Bd7 24. Bxc4 dxc4 25. Rxc4 Bxg4 26. Re5 Be6 27. Rc1
Qf6 28. Nxe6 fxe6 29. Rc4 Rae8 30. Rce4 Re7 31. a4 Kg7 32. a5 Rfe8 33. Qe1 Kg8
34. Qg3 Kh8 35. h4 Rf8 36. Qg4 Rfe8 37. b4 Kg7 38. h5 Kh8 39. hxg6 Qxg6 40. f5
Qxg4+ 41. fxg4 Kg7 42. fxe6 Kf6 43. g5+ Kg6 44. Kf3 Rc8 45. Ke3 Rd8 46. b5 axb5
47. Rxb5 Rd6 48. Rbe5 h6 49. gxh6 Kxh6 50. Kf4 Kg6 51. Re2 Rd4+ 52. Ke3 Ra4 53.
Rf2 Rb4 54. Kd3 Ra4 55. Kc3 Rg4 56. Kb3 Rg5 57. Rxg5+ Kxg5 58. Rf7 Rxe6 59. Rxb7
Kf5 60. Kc4 Ke5 61. Rb5+ Ke4 62. Rb6 Re8 63. Rc6 Rb8 64. a6 Rb1 65. Kc5 Ke5 66.
a7 Ra1 67. Kb6 1/2-1/2

[Event "Mondiale Lampo FIDE 2019"]
[Site "Mosca"]
[Date "30.12.2019"]
[Round "16.30"]
[White "Sasikiran, Krishnan"]
[Black "Gelfand, Boris"]
[Result "0-1"]
[WhiteTitle "GM"]
[BlackTitle "GM"]
[WhiteElo "2656"]
[BlackElo "2684"]
[WhiteFideId "5004985"]
[BlackFideId "2805677"]
[EventDate "2019.12.29"]

1. e4 c5 2. Nf3 Nc6 3. Nc3 g6 4. d4 cxd4 5. Nxd4 Bg7 6. Be3 Nf6 7. Bc4 d6 8. f3
Qb6 9. Nf5 Qxb2 10. Nxg7+ Kf8 11. Bd2 Kxg7 12. O-O Be6 13. Bb3 Qa3 14. Kh1 Rhc8
15. Bc1 Qa5 16. Bb2 Ne5 17. Nd5 Bxd5 18. exd5 Nc4 19. Bd4 Kg8 20. Qd3 Ne5 21.
Qe2 Nxd5 22. f4 Nc6 23. Bb2 Nf6 24. Bxf6 exf6 25. Rad1 Re8 26. Qc4 Qc7 27. f5 g5
28. Qc3 Re5 29. h4 h6 30. Qf3 Kg7 31. Qh5 Re4 32. g3 Ne5 33. Rd2 Re3 34. hxg5
hxg5 35. Rh2 Qc6+ 36. Kg1 Rxg3+ 37. Kf2 Qf3+ 0-1

[Event "Mondiale Lampo FIDE 2019"]
[Site "Mosca"]
[Date "30.12.2019"]
[Round "16.31"]
[White "Zhigalko, Sergei"]
[Black "Castellanos Rodriguez, Renier"]
[Result "1-0"]
[WhiteTitle "GM"]
[BlackTitle "IM"]
[WhiteElo "2571"]
[BlackElo "2474"]
[WhiteFideId "13502956"]
[BlackFideId "3404650"]
[EventDate "2019.12.29"]

1. e4 c6 2. d4 d5 3. e5 Bf5 4. Nf3 e6 5. Be2 Bg6 6. O-O Nh6 7. Nbd2 Be7 8. a4 a5
9. Nb3 O-O 10. h3 Nd7 11. Re1 Qc7 12. Bf4 c5 13. Bb5 b6 14. Rc1 Rad8 15. c4 dxc4
16. Rxc4 Qb7 17. Qc1 Nf5 18. Bg5 Bxg5 19. Qxg5 cxd4 20. Nfxd4 h6 21. Qc1 Nxd4
22. Rxd4 Rc8 23. Qd2 Nc5 24. Nxc5 Rxc5 25. Rd7 Qc8 26. b3 Rc2 27. Qd4 Qc3 28.
Qxc3 Rxc3 29. Bc4 Rc8 30. Rd6 Rb8 31. f3 h5 32. h4 Rb7 33. Re2 Rb8 34. Red2 Kh7
35. Kh2 Bf5 36. Rd7 Bg6 37. R7d6 Bf5 38. Kg3 Bg6 39. Rc6 Be4 40. Rc7 Bg6 41. Rd6
Re3 42. Kf4 Re1 43. Rcc6 Rh1 44. Kg3 Re1 45. Rxb6 Rxb6 46. Rxb6 Rxe5 47. Rb5 Rf5
48. Rxf5 Bxf5 49. Kf4 Kg6 50. Ke5 f6+ 51. Kd6 e5 52. Kc5 e4 53. Kb6 e3 54. Kxa5
Bc2 55. Kb4 Bd1 56. Kc3 Kf5 57. a5 Kf4 58. a6 Kg3 59. a7 1-0

[Event "Mondiale Lampo FIDE 2019"]
[Site "Mosca"]
[Date "30.12.2019"]
[Round "16.32"]
[White "Perunovic, Milos"]
[Black "Jakovenko, Dmitry"]
[Result "1/2-1/2"]
[WhiteTitle "GM"]
[BlackTitle "GM"]
[WhiteElo "2589"]
[BlackElo "2698"]
[WhiteFideId "921629"]
[BlackFideId "4122356"]
[EventDate "2019.12.29"]

1. e4 c5 2. Nc3 Nc6 3. Bb5 g6 4. Bxc6 bxc6 5. d3 Bg7 6. f4 d6 7. Nf3 Bg4 8. h3
Bxf3 9. Qxf3 Qb6 10. O-O Nf6 11. e5 Nd7 12. exd6 exd6 13. Re1+ Kd8 14. Bd2 Re8
15. Rxe8+ Kxe8 16. Re1+ Kf8 17. Kh1 Re8 18. Rxe8+ Kxe8 19. b3 Nf6 20. Ne4 Nxe4
21. Qxe4+ Kd7 22. f5 Be5 23. Qf3 Ke8 24. a4 Qc7 25. Bf4 Bxf4 26. Qxf4 Qe7 27.
fxg6 hxg6 28. Qf3 Qe1+ 29. Kh2 Qe5+ 30. Kh1 Qe1+ 31. Kh2 Qe5+ 32. Kh1 1/2-1/2

[Event "Mondiale Lampo FIDE 2019"]
[Site "Mosca"]
[Date "30.12.2019"]
[Round "16.33"]
[White "Postny, Evgeny"]
[Black "Hansen, Eric"]
[Result "0-1"]
[WhiteTitle "GM"]
[BlackTitle "GM"]
[WhiteElo "2605"]
[BlackElo "2606"]
[WhiteFideId "2804344"]
[BlackFideId "2606771"]
[EventDate "2019.12.29"]

1. d4 Nf6 2. c4 e6 3. Nf3 d5 4. g3 Bb4+ 5. Bd2 Be7 6. Bg2 O-O 7. O-O Nbd7 8. Qc2
c6 9. Rd1 b6 10. Bf4 Bb7 11. Nc3 Rc8 12. b3 Nh5 13. Bc1 f5 14. Bb2 Bd6 15. e3
Qe7 16. Rac1 Nhf6 17. Ne2 Ne4 18. Nf4 Ndf6 19. Ne5 Bxe5 20. dxe5 Ng4 21. Nd3
dxc4 22. Qxc4 c5 23. h3 Nh6 24. Nf4 Rfe8 25. Bxe4 Bxe4 26. Rd6 Qf7 27. Rcd1 Bf3
28. R1d2 b5 29. Qxb5 g5 30. Rd7 Re7 31. Rxe7 Qxe7 32. Nd3 Rd8 33. Bc3 Rd5 34.
Ne1 Be4 35. Rxd5 Bxd5 36. Qb8+ Kg7 37. Qd6 Qf7 38. f3 Qh5 39. Qe7+ Nf7 40. Qf6+
Kg8 41. Kg2 g4 42. hxg4 fxg4 43. Qf4 gxf3+ 44. Kg1 Ng5 45. Qh4 Qg6 46. e4 Nxe4
47. Qd8+ 0-1

[Event "Mondiale Lampo FIDE 2019"]
[Site "Mosca"]
[Date "30.12.2019"]
[Round "16.34"]
[White "Grachev, Boris"]
[Black "Kobalia, Mikhail"]
[Result "1-0"]
[WhiteTitle "GM"]
[BlackTitle "GM"]
[WhiteElo "2614"]
[BlackElo "2609"]
[WhiteFideId "4129199"]
[BlackFideId "4119150"]
[EventDate "2019.12.29"]

1. d4 d5 2. Nf3 Nf6 3. Bf4 c5 4. e3 Nc6 5. Nbd2 e6 6. c3 cxd4 7. exd4 Nh5 8. Bg3
Nxg3 9. hxg3 g6 10. Bd3 Bg7 11. Qe2 Bd7 12. Ne5 Nxe5 13. dxe5 Qb6 14. Rb1 O-O
15. Nf3 a6 16. O-O Bb5 17. Rfe1 Bxd3 18. Qxd3 Rac8 19. Nd4 Rc4 20. f4 Rfc8 21.
Kh2 Bf8 22. Nf3 Qa5 23. a3 Qb5 24. Qd2 Qd7 25. g4 b5 26. Kg3 a5 27. Re3 b4 28.
axb4 axb4 29. Rd3 Qb5 30. Rh1 Qa5 31. Rc1 Qa2 32. Rc2 Bc5 33. g5 Re4 34. cxb4
Rxb4 35. Rxc5 Rxc5 36. Qxb4 Rc2 37. Rc3 Qxb2 38. Rc8+ 1-0

[Event "Mondiale Lampo FIDE 2019"]
[Site "Mosca"]
[Date "30.12.2019"]
[Round "16.35"]
[White "Savchenko, Boris"]
[Black "Rakhmanov, Aleksandr"]
[Result "1-0"]
[WhiteTitle "GM"]
[BlackTitle "GM"]
[WhiteElo "2577"]
[BlackElo "2645"]
[WhiteFideId "4147332"]
[BlackFideId "4173708"]
[EventDate "2019.12.29"]

1. e4 d5 2. exd5 Qxd5 3. Nc3 Qd8 4. Bc4 Nf6 5. Nf3 a6 6. Qe2 e6 7. d4 Be7 8. Bg5
b5 9. Bb3 Bb7 10. Ne5 Nd5 11. Bxd5 Bxd5 12. Bxe7 Qxe7 13. Nxd5 exd5 14. O-O-O
O-O 15. Rhe1 c6 16. Qg4 Qd6 17. Re3 Ra7 18. Rde1 Nd7 19. Nd3 Nf6 20. Qh4 a5 21.
f3 a4 22. a3 h6 23. g4 Nh7 24. Qf2 Ng5 25. h4 Ne6 26. Re5 Rb7 27. f4 b4 28. Nxb4
Rxb4 29. axb4 Qxb4 30. c3 Qb3 31. Qc2 Qa2 32. Qb1 Qc4 33. Kd2 Nxf4 34. Rf5 Ne6
35. Qd3 Qa2 36. Qc2 a3 37. b3 Qxc2+ 38. Kxc2 Ra8 39. Ra1 Kf8 40. b4 Nc7 41. c4
dxc4 42. Rc5 Nd5 43. b5 Nb4+ 44. Kc3 Nd5+ 45. Kxc4 Ra4+ 46. Kb3 Rb4+ 47. Kxa3
Rxb5 48. Rxc6 Ra5+ 49. Kb2 Rb5+ 50. Kc1 g5 51. hxg5 hxg5 52. Rc5 Rxc5+ 53. dxc5
Ke7 54. Kd2 Nf6 55. Ra4 Ke6 56. Ra6+ Ke7 57. Ra4 Ke6 58. Rd4 Ke5 59. Kd3 Ke6 60.
Kc4 Nd7 61. c6 Ne5+ 62. Kc5 Nxc6 63. Kxc6 f5 64. Rd6+ Ke5 65. Rd5+ 1-0

[Event "Mondiale Lampo FIDE 2019"]
[Site "Mosca"]
[Date "30.12.2019"]
[Round "16.36"]
[White "Sethuraman, S.P."]
[Black "Fridman, Daniel"]
[Result "1/2-1/2"]
[WhiteTitle "GM"]
[BlackTitle "GM"]
[WhiteElo "2638"]
[BlackElo "2616"]
[WhiteFideId "5021596"]
[BlackFideId "11600454"]
[EventDate "2019.12.29"]

1. Nf3 Nf6 2. c4 e6 3. g3 d5 4. Bg2 d4 5. O-O c5 6. e3 Nc6 7. exd4 cxd4 8. d3
Bd6 9. Na3 O-O 10. Nc2 e5 11. b4 Re8 12. Rb1 h6 13. Re1 Bg4 14. h3 Bf5 15. c5
Bc7 16. b5 Na5 17. Nb4 Rc8 18. Bb2 Qd7 19. c6 bxc6 20. bxc6 Qd6 21. Qa4 Bb6 22.
Rbc1 e4 23. Nxd4 Bxd4 24. Bxd4 Qxd4 25. Qxa5 exd3 26. Rxe8+ Rxe8 27. Qxf5 d2 28.
Rf1 Qxb4 29. Qc2 Qd6 30. Kh2 h5 31. Rd1 Rd8 32. c7 Rc8 33. Rxd2 Qxc7 34. Qxc7
Rxc7 35. Bf3 g6 36. Kg2 Kf8 37. Rd6 Ke7 38. Ra6 Nd7 39. Ra5 Nc5 40. Rb5 Kd6 41.
Rb8 Ke5 42. Rb5 Kd4 43. a4 Re7 44. a5 Kc4 45. Rb8 Rc7 46. Be2+ Kc3 47. a6 Re7
48. Bb5 Kb4 49. Bf1+ Kc3 50. Kf3 Kd4 51. Rd8+ Rd7 52. Rxd7+ Nxd7 53. Kf4 f6 1/2-1/2

[Event "Mondiale Lampo FIDE 2019"]
[Site "Mosca"]
[Date "30.12.2019"]
[Round "16.37"]
[White "Meier, Georg"]
[Black "Predke, Alexandr"]
[Result "1/2-1/2"]
[WhiteTitle "GM"]
[BlackTitle "GM"]
[WhiteElo "2626"]
[BlackElo "2676"]
[WhiteFideId "4675789"]
[BlackFideId "24107581"]
[EventDate "2019.12.29"]

1. Nf3 Nf6 2. g3 b6 3. Bg2 Bb7 4. c4 c5 5. O-O g6 6. b3 Bg7 7. Bb2 O-O 8. Nc3 d6
9. d4 cxd4 10. Qxd4 Nbd7 11. Rfd1 Nc5 12. Qe3 Rc8 13. Rac1 a6 14. Ne1 Bxg2 15.
Nxg2 Nfe4 16. Nf4 b5 17. Nxe4 Bxb2 18. Rc2 Nxe4 19. Qxe4 Be5 20. c5 Bxf4 21.
Qxf4 Qc7 22. Rdc1 dxc5 23. Qxc7 Rxc7 24. Rxc5 Rxc5 25. Rxc5 Rd8 26. a4 bxa4 27.
bxa4 Rd4 28. Ra5 Rd6 29. Rc5 Rd4 30. Ra5 Rd6 1/2-1/2

[Event "Mondiale Lampo FIDE 2019"]
[Site "Mosca"]
[Date "30.12.2019"]
[Round "16.38"]
[White "Bartel, Mateusz"]
[Black "Anton Guijarro, David"]
[Result "1-0"]
[WhiteTitle "GM"]
[BlackTitle "GM"]
[WhiteElo "2634"]
[BlackElo "2685"]
[WhiteFideId "1112635"]
[BlackFideId "2285525"]
[EventDate "2019.12.29"]

1. g3 d5 2. Bg2 e5 3. d3 Be6 4. a3 Qd7 5. Nc3 c6 6. e4 d4 7. Nce2 f6 8. h4 h5 9.
Bh3 Bxh3 10. Nxh3 c5 11. f4 Nc6 12. f5 O-O-O 13. Neg1 Kb8 14. Qf3 c4 15. Bd2
cxd3 16. cxd3 Qf7 17. Ne2 Qb3 18. O-O Qxb2 19. Rfd1 Qb3 20. Rdb1 Qc2 21. Bb4 Qa4
22. Bxf8 Rxf8 23. Nc1 b6 24. Nb3 Ka8 25. Qd1 Nge7 26. Rc1 Rc8 27. Rc4 Qa6 28.
Rac1 Nb8 29. a4 Rxc4 30. Rxc4 Rc8 31. Nd2 Qa5 32. Nb3 Qa6 33. Nd2 Rxc4 34. Nxc4
Nec6 35. Nf2 Na5 36. Nd6 Nac6 37. Nb5 Qa5 38. Kg2 Qb4 39. Nc7+ Kb7 40. Nd5 Qa3
41. Qxh5 Qd6 42. Qf7+ Qd7 43. Qg8 Na6 44. g4 Nc5 45. g5 fxg5 46. hxg5 Ne7 47.
Qxg7 Nxd5 48. Qxd7+ Nxd7 49. exd5 Kc7 50. Ne4 a6 51. g6 1-0

[Event "Mondiale Lampo FIDE 2019"]
[Site "Mosca"]
[Date "30.12.2019"]
[Round "16.39"]
[White "Vallejo Pons, Francisco"]
[Black "Sanal, Vahap"]
[Result "0-1"]
[WhiteTitle "GM"]
[BlackTitle "GM"]
[WhiteElo "2704"]
[BlackElo "2549"]
[WhiteFideId "2205530"]
[BlackFideId "6300545"]
[EventDate "2019.12.29"]

1. e4 Nc6 2. Nf3 d6 3. d4 Nf6 4. d5 Nb8 5. Bd3 g6 6. c4 Bg7 7. Nc3 O-O 8. h3 e6
9. Be3 exd5 10. exd5 Re8 11. O-O Na6 12. Re1 Nc5 13. Bc2 a5 14. Bd4 Bd7 15. Qd2
c6 16. Qf4 cxd5 17. cxd5 Ra6 18. Rxe8+ Nxe8 19. Re1 Bxd4 20. Nxd4 Kg7 21. a4 Rb6
22. Ndb5 Qf6 23. Qe3 Ra6 24. Bd3 Ra8 25. Bf1 h5 26. Qd2 Kg8 27. Bc4 Ng7 28. Nd4
Nf5 29. Nxf5 Bxf5 30. Bb5 Nb3 31. Qe3 Nd4 32. Qe7 Kg7 33. Qxb7 Qg5 34. Re3 Rc8
35. Qe7 Qf4 36. Be8 Bc2 37. g3 Qf6 38. Qd7 Bf5 39. Qe7 Bxh3 40. Qxf6+ Kxf6 41.
Ne4+ Kg7 42. Nxd6 Rc2 43. Bxf7 Bg4 44. Be6 Bf3 45. Re1 Ne2+ 46. Kh2 Nc1 47. Ne8+
Kf8 48. Nf6 Rxf2+ 49. Kh3 Nd3 50. d6 Nxe1 51. d7 Ke7 52. Ng8+ Kd8 53. Nh6 Bg4+
54. Kh4 Bxe6 0-1

[Event "Mondiale Lampo FIDE 2019"]
[Site "Mosca"]
[Date "30.12.2019"]
[Round "16.40"]
[White "Adhiban, Baskaran"]
[Black "Laznicka, Viktor"]
[Result "1-0"]
[WhiteTitle "GM"]
[BlackTitle "GM"]
[WhiteElo "2654"]
[BlackElo "2648"]
[WhiteFideId "5018471"]
[BlackFideId "316385"]
[EventDate "2019.12.29"]

1. d4 d5 2. c4 c6 3. Nc3 Nf6 4. Nf3 a6 5. cxd5 cxd5 6. Bf4 Nc6 7. Ne5 Qb6 8.
Nxc6 bxc6 9. Qd2 Bf5 10. f3 e6 11. a3 Nd7 12. e4 Bg6 13. Rc1 Be7 14. Na4 Qb7 15.
Bd3 O-O 16. O-O Rfc8 17. b4 a5 18. Nc5 Qa7 19. Kh1 axb4 20. axb4 Nxc5 21. bxc5
h6 22. exd5 Bxd3 23. Qxd3 exd5 24. Rfe1 Bf6 25. h3 Qa3 26. Qd2 Ra4 27. Be5 Bxe5
28. Rxe5 Rxd4 29. Qxd4 Qxc1+ 30. Kh2 Ra8 31. Re7 Qg5 32. Rc7 Ra2 33. Qg4 Qf6 34.
Qg3 Kh7 35. Rc8 Rc2 36. Qb8 g5 37. Qd6 Qb2 38. Rxc6 Rxg2+ 39. Kh1 Qc1+ 40. Kxg2
Qd2+ 41. Kg3 Qe1+ 42. Kg4 Qb4+ 43. f4 1-0

[Event "Mondiale Lampo FIDE 2019"]
[Site "Mosca"]
[Date "30.12.2019"]
[Round "16.41"]
[White "Alekseenko, Kirill"]
[Black "Salgado Lopez, Ivan"]
[Result "0-1"]
[WhiteTitle "GM"]
[BlackTitle "GM"]
[WhiteElo "2704"]
[BlackElo "2605"]
[WhiteFideId "4135539"]
[BlackFideId "2257327"]
[EventDate "2019.12.29"]

1. d4 e6 2. e4 c5 3. Nf3 cxd4 4. Nxd4 a6 5. Nc3 d6 6. f4 b5 7. Bd3 Bb7 8. Be3
Nd7 9. Qf3 Nc5 10. a3 Nf6 11. O-O Be7 12. Rae1 O-O 13. g4 Nfd7 14. g5 Rc8 15. h4
f5 16. Kh2 e5 17. fxe5 Nxe5 18. Qh3 Ncxd3 19. cxd3 Nxd3 20. exf5 Nxe1 21. Rxe1
Qd7 22. Ne6 Rf7 23. Bd4 Bf8 24. h5 Rc4 25. g6 Re7 26. gxh7+ Kh8 27. Nxf8 Rxe1
28. Qd3 Rh1+ 29. Kg3 Qc6 30. Qe2 Rxd4 31. Ng6+ Kxh7 32. Nf8+ Kg8 33. Ng6 Rg1+ 0-1

[Event "Mondiale Lampo FIDE 2019"]
[Site "Mosca"]
[Date "30.12.2019"]
[Round "16.42"]
[White "Abdusattorov, Nodirbek"]
[Black "Santos Ruiz, Miguel"]
[Result "1-0"]
[WhiteTitle "GM"]
[BlackTitle "GM"]
[WhiteElo "2635"]
[BlackElo "2585"]
[WhiteFideId "14204118"]
[BlackFideId "22291482"]
[EventDate "2019.12.29"]

1. e4 e5 2. Nf3 Nc6 3. Bc4 Nf6 4. d3 Bc5 5. c3 d6 6. O-O O-O 7. a4 a5 8. Nbd2
Ba7 9. h3 Ne7 10. Re1 Ng6 11. Nf1 c6 12. Ng3 Re8 13. Bb3 h6 14. d4 d5 15. Nxe5
Nxe5 16. dxe5 Rxe5 17. Bf4 Re8 18. exd5 Rxe1+ 19. Qxe1 Nxd5 20. Bxd5 Qxd5 21.
Rd1 Qe6 22. Rd8+ Kh7 23. Qxe6 fxe6 24. Ne4 b5 25. Nd6 1-0

[Event "Mondiale Lampo FIDE 2019"]
[Site "Mosca"]
[Date "30.12.2019"]
[Round "16.43"]
[White "Bluebaum, Matthias"]
[Black "Petrosyan, Manuel"]
[Result "1-0"]
[WhiteTitle "GM"]
[BlackTitle "GM"]
[WhiteElo "2644"]
[BlackElo "2613"]
[WhiteFideId "24651516"]
[BlackFideId "13300857"]
[EventDate "2019.12.29"]

1. d4 d5 2. c4 e6 3. Nc3 c5 4. cxd5 exd5 5. Nf3 Nc6 6. dxc5 Nf6 7. Bg5 Be6 8. e3
Bxc5 9. Bb5 O-O 10. O-O Bb6 11. Na4 Bg4 12. Nxb6 Qxb6 13. Bxc6 Qxc6 14. Rc1 Qa6
15. Bxf6 Qxf6 16. Qd4 Qe6 17. Ne5 Be2 18. Rfe1 Ba6 19. Rc5 Rfe8 20. Rxd5 b6 21.
Nd3 Bb7 22. Nf4 Qg4 23. h3 Qc8 24. Rg5 g6 25. Nh5 f6 1-0

[Event "Mondiale Lampo FIDE 2019"]
[Site "Mosca"]
[Date "30.12.2019"]
[Round "16.44"]
[White "Timofeev, Artyom"]
[Black "Jumabayev, Rinat"]
[Result "1-0"]
[WhiteTitle "GM"]
[BlackTitle "GM"]
[WhiteElo "2588"]
[BlackElo "2646"]
[WhiteFideId "4140419"]
[BlackFideId "13702661"]
[EventDate "2019.12.29"]

1. c4 e5 2. e3 Nf6 3. Nc3 Nc6 4. d3 d5 5. cxd5 Nxd5 6. Nf3 Be7 7. Be2 O-O 8. O-O
Be6 9. a3 a5 10. Bd2 Nb6 11. b3 f5 12. Bc1 Bf6 13. Bb2 Qe7 14. Qc2 Rad8 15. Rac1
Kh8 16. Rfe1 Rd7 17. Bf1 Rfd8 18. Rcd1 Bf7 19. Nb5 h6 20. e4 fxe4 21. dxe4 Qe6
22. Rxd7 Rxd7 23. Nd2 Qe7 24. Re3 Bg5 25. Rd3 Rxd3 26. Qxd3 Bxd2 27. Qxd2 Bxb3
28. Qc3 Bf7 29. Qc2 Qd7 30. h3 Kg8 31. Bc1 a4 32. Be3 Nc8 33. Qxa4 Nd6 34. Nc3
Ne8 35. Nd5 Kh8 36. Qb5 b6 37. Qa4 Nb8 38. Qc2 Bxd5 39. exd5 Nf6 40. Bc1 Qd6 41.
Bb2 Nbd7 42. Bb5 Nc5 43. Qf5 Ncd7 44. Qe6 Qc5 45. Bxd7 Qc2 46. Bxe5 Qd1+ 47. Kh2 1-0

[Event "Mondiale Lampo FIDE 2019"]
[Site "Mosca"]
[Date "30.12.2019"]
[Round "16.45"]
[White "Ganguly, Surya Shekhar"]
[Black "Sakaev, Konstantin"]
[Result "0-1"]
[WhiteTitle "GM"]
[BlackTitle "GM"]
[WhiteElo "2633"]
[BlackElo "2596"]
[WhiteFideId "5002150"]
[BlackFideId "4104226"]
[EventDate "2019.12.29"]

1. e4 c5 2. Nf3 d6 3. d4 cxd4 4. Nxd4 Nf6 5. Nc3 a6 6. Qe2 e5 7. Nf5 Bxf5 8.
exf5 Nbd7 9. g4 Nb6 10. Bg2 Qc7 11. g5 Nfd7 12. a4 Rc8 13. a5 Nc4 14. Nd5 Qc5
15. c3 Qb5 16. O-O Be7 17. Rd1 Bd8 18. Bf1 Qb3 19. Ne3 Nxa5 20. Rxd6 Nc6 21. Ra3
Qb6 22. Nc4 Qc7 23. Qd1 Be7 24. Ra1 Rd8 25. Qd5 O-O 26. Be3 Bxd6 27. Nxd6 Nb6
28. Bxb6 Qxb6 29. f6 Nb4 30. cxb4 Rxd6 31. Qf3 gxf6 32. gxf6 Rxf6 33. Qh5 Qxf2+ 0-1

[Event "Mondiale Lampo FIDE 2019"]
[Site "Mosca"]
[Date "30.12.2019"]
[Round "16.46"]
[White "Frolyanov, Dmitry"]
[Black "Esipenko, Andrey"]
[Result "1-0"]
[WhiteTitle "GM"]
[BlackTitle "GM"]
[WhiteElo "2556"]
[BlackElo "2642"]
[WhiteFideId "4151976"]
[BlackFideId "24175439"]
[EventDate "2019.12.29"]

1. e4 c6 2. d4 d5 3. exd5 cxd5 4. c4 Nf6 5. Nc3 Nc6 6. Nf3 e6 7. cxd5 Nxd5 8.
Bd3 Be7 9. O-O O-O 10. Re1 Nf6 11. Bg5 Nb4 12. Bc4 Nbd5 13. Ne5 Nxc3 14. bxc3
Nd5 15. Bxe7 Nxe7 16. Qf3 Qc7 17. Bd3 Rb8 18. c4 Qd6 19. Rad1 b6 20. d5 exd5 21.
cxd5 Ng6 22. Nc6 Rb7 23. Bxg6 hxg6 24. Qe4 f5 25. Qh4 Qf6 26. Qb4 Bd7 27. Ne7+
Kf7 28. d6 Be6 29. Qb5 Rd7 30. Nc6 Kg8 31. Ne5 Rdd8 32. d7 f4 33. Rd6 Qf5 34.
Qc6 Rf6 35. Qc7 Rff8 36. Nc6 Qc5 37. Rdxe6 Kh7 38. Qxd8 Rxd8 39. Nxd8 Qd5 40.
Re7 f3 41. Nf7 1-0

[Event "Mondiale Lampo FIDE 2019"]
[Site "Mosca"]
[Date "30.12.2019"]
[Round "16.47"]
[White "Dominguez Perez, Leinier"]
[Black "Sadhwani, Raunak"]
[Result "1/2-1/2"]
[WhiteTitle "GM"]
[BlackTitle "IM"]
[WhiteElo "2758"]
[BlackElo "2507"]
[WhiteFideId "3503240"]
[BlackFideId "35093487"]
[EventDate "2019.12.29"]

1. e4 c6 2. d4 d5 3. e5 Bf5 4. Nf3 e6 5. Be2 Nd7 6. O-O Ne7 7. c3 h6 8. Nbd2 Bh7
9. Nb3 Ng6 10. g3 Be7 11. h4 Ngf8 12. Be3 Nb6 13. Na5 Qc7 14. b4 Nfd7 15. a4 O-O
16. Bf4 Nc8 17. Nb3 b6 18. a5 Rb8 19. axb6 axb6 20. Nbd2 Re8 21. Ne1 Bf8 22. Bd3
Ne7 23. Bxh7+ Kxh7 24. Ng2 c5 25. b5 Ra8 26. Qh5 Ng6 27. Be3 cxd4 28. cxd4 Qc3
29. Rac1 Qd3 30. Rc7 Qxb5 31. Rb1 Qa4 32. Qf3 Kg8 33. Rbc1 Ne7 34. Nf4 Red8 35.
Qg4 Nf5 36. Nf3 Ra7 37. Nxd5 Rxc7 38. Rxc7 Qb3 39. Rxd7 Rxd7 40. Nf6+ Kh8 41.
Nxd7 Nxe3 42. fxe3 Qxe3+ 43. Kh1 Qc1+ 44. Kh2 Qc2+ 45. Kh3 Be7 46. Qf4 Kg8 47.
Nxb6 Qc6 48. d5 exd5 49. Qd4 Bc5 50. Qxd5 Qxb6 51. Qe4 Qe6+ 52. Kg2 Qa2+ 53. Kh3
Qe6+ 54. Kg2 1/2-1/2

[Event "Mondiale Lampo FIDE 2019"]
[Site "Mosca"]
[Date "30.12.2019"]
[Round "16.48"]
[White "Aravindh, Chithambaram VR."]
[Black "Kamsky, Gata"]
[Result "1-0"]
[WhiteTitle "GM"]
[BlackTitle "GM"]
[WhiteElo "2605"]
[BlackElo "2677"]
[WhiteFideId "5072786"]
[BlackFideId "2000024"]
[EventDate "2019.12.29"]

1. e4 g6 2. d4 Bg7 3. Nc3 d6 4. f4 Nf6 5. Nf3 c5 6. dxc5 Qa5 7. Bd3 Qxc5 8. Qe2
Nc6 9. Be3 Qa5 10. Bd2 O-O 11. Nd5 Qd8 12. O-O Bg4 13. c3 e6 14. Ne3 Bxf3 15.
Rxf3 d5 16. e5 Nd7 17. Ng4 Nc5 18. Bc2 d4 19. Qc4 dxc3 20. Bxc3 Qb6 21. Kh1 Rfd8
22. Nf6+ Bxf6 23. exf6 Rd5 24. f5 Rxf5 25. Bxf5 exf5 26. Qh4 h5 27. Rxf5 Ne6 28.
Re1 Rd8 29. Rff1 Ncd4 30. Bxd4 Rxd4 31. Qg3 Kh7 32. Qf2 Qd6 33. Rxe6 1-0

[Event "Mondiale Lampo FIDE 2019"]
[Site "Mosca"]
[Date "30.12.2019"]
[Round "16.49"]
[White "Turov, Maxim"]
[Black "Iturrizaga Bonelli, Eduardo"]
[Result "1/2-1/2"]
[WhiteTitle "GM"]
[BlackTitle "GM"]
[WhiteElo "2574"]
[BlackElo "2597"]
[WhiteFideId "4120086"]
[BlackFideId "3901211"]
[EventDate "2019.12.29"]

1. d4 Nf6 2. c4 e6 3. Nc3 Bb4 4. Qc2 c5 5. dxc5 O-O 6. a3 Bxc5 7. Nf3 Qb6 8. e3
Be7 9. Bd3 d5 10. O-O Nc6 11. b4 a6 12. Bb2 dxc4 13. Bxc4 Bd7 14. Na4 Qc7 15.
Bd3 Rfd8 16. Rac1 h6 17. Bd4 Qb8 18. Bxf6 Bxf6 19. Nb6 Ra7 20. Nxd7 Rxd7 21. Be4
Ne7 22. Rfd1 b5 23. Rxd7 Rxd7 24. g3 g6 25. a4 Kg7 26. axb5 axb5 27. Qc5 Nd5 28.
Qc8 Qxc8 29. Rxc8 Nc3 30. Bc2 Ra7 31. Bd3 Ra1+ 32. Kg2 Rd1 33. Bf1 Rb1 34. Nd4
Bxd4 35. exd4 Nd1 36. Be2 h5 37. Rc5 Kf6 38. d5 exd5 39. Bxb5 d4 40. Be2 Nc3 41.
Bf3 Rxb4 42. h4 Rb6 43. Rc4 Rd6 44. Kf1 Nb5 45. Ke2 d3+ 46. Kd2 Nd4 47. Bd1 Nc6
48. Rf4+ Kg7 49. Re4 f6 50. Re3 Ne5 51. Bb3 Ng4 52. Rxd3 Rxd3+ 53. Kxd3 Nxf2+
54. Ke3 Ng4+ 55. Kf4 Ne5 56. Bc2 Kf7 57. Bb3+ Ke7 58. Ba4 Nd3+ 59. Ke3 Nc5 60.
Bc2 f5 61. Kf4 Kf6 62. Ke3 Ne6 63. Bb3 Ke5 64. Bxe6 Kxe6 65. Kf4 Kf6 66. Kf3 Ke6
67. Kf4 Ke7 68. Kg5 Kf7 69. Kf4 Kf6 70. Kf3 g5 71. hxg5+ Kxg5 72. Ke3 Kg4 73.
Kf2 Kg5 74. Kf3 Kf6 75. Kf4 Kg6 76. Kf3 Kg5 77. Ke3 Kg4 78. Kf2 Kh3 79. Kf3 Kh2
80. Kf2 Kh1 81. Kf1 Kh2 82. Kf2 1/2-1/2